000
00311nam a2200121Ia 4500
008
191201s2014 xx 000 0 und d
100
_a
BUDINSKI,Kenneth G
245
0
_a
Engineering Materials Properties and Selection
260
_a
N. delhi
_b
Phi
_c
2014
300
_a
774
650
_a
B.Tech(ME)
942
_2
ddc
_c
BK
999
_c
6189
_d
6189